Online
Catalog

Fanm nan fwontyé, fanm toupatou : (Record no. 36336)

MARC details
000 -CABECERA
campo de control de longitud fija 00762nam a2200157 a 4500
001 - NÚMERO DE CONTROL
campo de control 000036845
005 - FECHA Y HORA DE LA ÚLTIMA TRANSACCIÓN
campo de control 20200930075955.0
008 - DATOS DE LONGITUD FIJA--INFORMACIÓN GENERAL
campo de control de longitud fija 120202s2011 dr 000 0 spa d
020 ## - NÚMERO INTERNACIONAL ESTÁNDAR DEL LIBRO
Número Internacional Estándar del Libro 9789945164640
040 ## - FUENTE DE LA CATALOGACIÓN
Centro catalogador/agencia de origen DO-SdBNP
Lengua de catalogación spa
Centro/agencia transcriptor BNPHU
100 1# - ENTRADA PRINCIPAL--NOMBRE DE PERSONA
Nombre de persona Petrozziello, Allison J.
9 (RLIN) 63193
245 10 - MENCIÓN DE TÍTULO
Título Fanm nan fwontyé, fanm toupatou :
Resto del título una mirada a la violencia contra las mujeres migrantes haitianas, en tránsito y desplazadas en frontera dominico-haitiana(Elías Piña, Balladére) /
Mención de responsabilidad, etc. Allison J. Petrozziello, Bridget Wooding.
300 ## - DESCRIPCIÓN FÍSICA
Extensión 135 p. :
Otras características físicas il., retrs. ;
Dimensiones 29 cm.
500 ## - NOTA GENERAL
Nota general Informe del estudio cualitativo encargado por la Colectiva Mujer y Salud y Mujeres del Mundo en el marco del proyecto Mujeres en Tránsito
700 12 - PUNTO DE ACCESO ADICIONAL--NOMBRE DE PERSONA
Nombre de persona Wooding, Bridget
9 (RLIN) 2231
Holdings
Estado de retiro Estado de pérdida Restricciones de uso No para préstamo Código de colección Localización permanente Ubicación/localización actual Ubicación en estantería Fecha de adquisición Número de inventario Total de préstamos Signatura topográfica completa Código de barras Fecha visto por última vez Número de copia Precio válido a partir de Tipo de ítem Koha
        Dominicana de Servicio General General En catalogación 02.02.2012 LF1   36845-30 25.06.2020 e. 3 25.06.2020 Libro y Folleto Colección Dominicana de Servicio
      Excluido de préstamo Patrimonio Dominicano Patrimonio Dominicano Patrimonio Dominicano En catalogación 02.02.2012 LF1   36845-10 25.06.2020 e. 2 25.06.2020 Libro y Folleto Colección Patrimonio Dominicano
      Excluido de préstamo Patrimonio Dominicano Patrimonio Dominicano Patrimonio Dominicano En catalogación 02.02.2012 LF1   36845-20 25.06.2020   25.06.2020 Libro y Folleto Colección Patrimonio Dominicano

Powered by Koha